000 00333nam a2200109Ia 4500
008 171211s9999 xx 000 0 und d
245 4 _aThe Germanic Languages: Origins and Early Dialectal Interrelations
245 _cHans Frede Nielsen
260 _c1989
650 _xCULTURE
856 _uhttp://down.ebook777.com/061/0817304231.pdf
999 _c347869
_d347869